Otvorené technológie pre vzdialený experiment : dátum obhajoby 27.8.2025

Enregistré dans:
Détails bibliographiques
Auteur principal: Šefčík, Ján (Auteur)
Autres auteurs: Žáková, Katarína (Directeur de thèse)
Format: Manuscrit Livre
Langue:slovaque
Publié: Bratislava : STU v Bratislave FEI, 2025
Sujets:
Accès en ligne:https://opac.crzp.sk/?fn=detailBiblioFormChildCBHRQ&sid=8DA48F56075EEA6F77095116AB9C&seo=CRZP-detail-kniha
Tags: Ajouter un tag
Pas de tags, Soyez le premier à ajouter un tag!

MARC

LEADER 00000ntm a22000003a 4500
001 stuzp86569
003 SK-STU
005 20250910112510.5
007 ta
008 150427s2015----xo-----f-mn---000-0-slo-d
040 |a STU  |b slo 
041 0 |a slo 
044 |a xo 
100 1 |a Šefčík, Ján  |u 030400  |k Z8  |4 aut  |U FEI Fakulta elektrotechniky a informatiky  |T FEI Ústav automobilovej mechatroniky  |X 80238  |U E400  |Y 642  |7 80238 
242 0 1 |a Open technologies for remote experiment  |y eng 
245 1 0 |a Otvorené technológie pre vzdialený experiment :  |b dátum obhajoby 27.8.2025 
260 |a Bratislava :  |b STU v Bratislave FEI,  |c 2025 
300 |a 95 s.,  |b AUTOREF. 2025, 54 s. 
650 4 |a vzdialené riadenie  |2 slo 
650 4 |a mechatronický systém  |2 slo 
650 4 |a open-source  |2 slo 
650 4 |a otvorený softvér  |2 slo 
650 4 |a slobodný softvér  |2 slo 
650 4 |a remote control  |2 eng 
650 4 |a mechatronic system  |2 eng 
650 4 |a open-source  |2 eng 
650 4 |a free software  |2 eng 
700 1 |a Žáková, Katarína  |u 030400  |k Z1  |4 ths  |U FEI Fakulta elektrotechniky a informatiky  |T FEI Ústav automobilovej mechatroniky  |X 4948  |U E400  |Y 642  |7 A000004948 
856 4 |u https://opac.crzp.sk/?fn=detailBiblioFormChildCBHRQ&sid=8DA48F56075EEA6F77095116AB9C&seo=CRZP-detail-kniha